00845nam a2200241 a 4500008004100000020002200041049000900063090001800072100002200090245006600112260004500178300003300223500002000256650003800276650004400314907003500358003000100393005001700394040000900411942002500420999001900445952013900464  a0471093726 (pbk.) aMAIN00aREF HD61bJOR1 aJorion, Philippe.10aFinancial risk manager handbook 2001-2002 /cPhilippe Jorion. aNew York :bJohn Wiley and Sons,cc2001. axxi, 808 p. :bill. ;c28cm. aIncludes index.00aRisk managementxData processing.00aCorporationsxFinancexData processing. a.b10323405b09-11-17c23-11-1220230123125506.0 cNUST cBOOKSkREF HD61mJOR c142466d142466 r2023-01-23 00:00:00l5oREF HD61 JORp92004031601v80.00w2023-01-23yBOOKS102LCC40708NFIC00aMAINbMAINcGENd2023-01-23g80.00